| 000 | 01027cam a22002771 4500 | ||
|---|---|---|---|
| 001 | sa 65004785 | ||
| 003 | DLC | ||
| 005 | 20260227112133.0 | ||
| 008 | 791012s1962 ii 000 0 eng | ||
| 010 | _asa 65004785 | ||
| 035 | _a(OCoLC)5518421 | ||
| 040 |
_aDLC _cIU _dIU _dNSyU _dDLC |
||
| 042 | _apremarc | ||
| 050 | 0 | 0 |
_aHC517.E2 _bI5 |
| 110 | 1 |
_aIndia (Republic). _bDirectorate of Commercial Publicity. |
|
| 245 | 1 | 0 | _aEast and Central Africa, a report on economic and commercial conditions. |
| 260 |
_aNew Delhi _c[1962] |
||
| 300 |
_a146 p. _c25 cm. |
||
| 490 | 1 | _aIts Economic and commercial reports | |
| 500 | _a"Based on the report of the Trade Commission for India, Mombasa (now shifted to Nairobi) for the year 1962." | ||
| 651 | 0 |
_aAfrica, East _xEconomic conditions. |
|
| 651 | 0 |
_aAfrica, Central _xEconomic conditions. |
|
| 651 | 0 |
_aAfrica, East _xCommerce. |
|
| 651 | 0 |
_aAfrica, Central _xCommerce. |
|
| 810 | 1 |
_aIndia (Republic). _bDirectorate of Commercial Publicity. _tEconomic and commercial reports. |
|
| 999 |
_c63950 _d63950 |
||